| 000 | 00407nam a22001697a 4500 | ||
|---|---|---|---|
| 003 | OSt | ||
| 008 | 250205b |||||||| |||| 00| 0 eng d | ||
| 041 | _aeng | ||
| 082 |
_a621.43 _bMAT/CO |
||
| 100 |
_aMathur, ML _97084 |
||
| 245 | _aCourse in Internal Combustion Engines | ||
| 250 | _a6th | ||
| 260 |
_aDelhi: _bDhanpat Rai & Sons, _c1994. |
||
| 300 | _a898p. | ||
| 700 |
_aSharma, RP _97085 |
||
| 942 | _cBK | ||
| 999 |
_c19312 _d19312 |
||